000 01369nam a2200337 i 4500
001 115581
003 ES-MaACL
005 20251209134701.0
007 t|
008 070319s1911 sp ||||1| spa d
080 _a821.134.2-94"14/15"(082.2)
245 0 0 _aEscritores místicos españoles.
_nI,
_pHernando de Talavera, Alejo Venegas, Francisco de Osuna, Alfonso de Madrid [i.e.Alonso de Madrid] /
_ccon un discurso preliminar de D. Miguel Mir, Pbro.
260 _aMadrid :
_bBailly-Baillière,
_c1911.
300 _aXXXII, 660 p. ;
_c26 cm.
490 1 _aNueva biblioteca de autores españoles ;
_v16
530 _aDisponible en formato digital.
596 _aNo se publicó más.
650 4 _aMisticismo-
_zEspaña.
_9138735
650 7 _aMoral cristiana
_2embne
_9142371
650 4 _aAscetismo.
_910365
700 1 _aMir, Miguel (
_d1841-1912)
_981426
700 1 _aTalavera, Hernando de,
_d1428-1507
_9109111
700 1 _aVenegas, Alejo.
_9113886
700 1 _aFrancisco de Osuna,
_dca.1492-ca.1540
_9139695
700 0 _aAlonso de Madrid
_c(O.F.M)
_9139694
830 1 _aNueva biblioteca de autores españoles ;
_v16
_9186329
852 _aES-MaACL
_jC-30142
_cDEPO2
856 4 _uhttp://bnedigital.bne.es/bd/es/card?id=8582c459-a11f-400a-bee1-1681f5d2e8da
_y(Biblioteca Digital Hispánica)
942 _2udc
999 _c115581
_d115581